000 00713cab a2200229 4500
001 WB3324-05
008 090401t1997 xxu||||| |||| 00| 0 eng d
035 _a(Sirsi) u79079
041 _aeng
245 2 _aA complete ban on asbestos
260 _c1997
350 _a0
490 _aFinancial Times
_v19 June 1997, 7
490 _aDoE News Release
_v(230/Env) 18 June 1997, (4)
520 _aA complete ban on the import, supply and use of all forms of asbestos is to be introduced.
650 _aMANAGEMENT-HEALTH AND SAFETY-HAZARDOUS SUBSTANCES-ASBESTOS
650 _aHEALTH HAZARDS
650 _aPROHIBITION
690 _aBUILT ENVIRONMENT-BUILDING MATERIALS
942 _n0
948 _c19/06/1997
999 _c49694
_d49694